000 00293nam a2200133Ia 4500
100 _akING/ g.j.
650 _aElectrical Engineering
942 _cBK
654 _aT.V.
245 _aColor T.V. Servicing
260 _bNewres Butterworths
_aLondon
_c1979
300 _a342
546 _aENGLISH
999 _c31700
_d31700